000 00421cam a22001337a 4500
008 180718b1965 xxu||||| |||| 00| 0 eng d
082 _aA81x54 In2/61/7/PT2/B/2
100 _aCensus of India 1961
245 _aKerala: general economic tables
260 _aDelhi
_bThe Manager of Publications
_c1965
300 _a193+p.
440 _aCensus of India 1961. Volume VII, Kerala. Part II-B (i)
500 _aTables B-1 to B-IV
999 _c484187
_d484187